2-Letter Combo Country Checklist Quiz Stats

 Plays Quiz Updated Jul 2, 2018

Challenge
Share
Tweet
Embed
Score 0/275 Timer 12:00
7 Plays Today
Combo Check? % Correct
an
100%
in
99.9%
nd
99.9%
ni
99.9%
ia
99.9%
ta
95.8%
st
95.8%
er
95.6%
ra
95.4%
it
95.4%
ca
95.4%
ri
95.3%
al
95.3%
ic
95.3%
un
95%
am
95%
ed
94.9%
na
94.9%
at
94.9%
te
94.7%
me
94.7%
la
94.7%
ar
94.6%
es
94.6%
ma
94.5%
do
94.2%
en
94.2%
li
94.1%
ai
94%
ad
93.9%
ki
93.9%
pa
93.8%
om
93.8%
ch
93.7%
da
93.7%
or
93.7%
ng
93.7%
us
93.6%
ce
93.6%
re
93.5%
ru
93.5%
ba
93.4%
ne
93.4%
ti
93.3%
co
93.2%
el
93.2%
th
93.2%
is
93%
ir
92.8%
ha
92.7%
ge
92.6%
au
92.5%
ze
92.5%
hi
92.5%
ou
92.4%
on
92.3%
ut
92.1%
az
92%
si
92%
ur
92%
ga
91.9%
fr
91.8%
il
91.8%
af
91.7%
tu
91.4%
ja
91.4%
ea
91.2%
bo
91.1%
mb
91.1%
de
91%
mo
91%
ua
91%
zi
91%
so
90.9%
rg
90.9%
wa
90.5%
bi
90.5%
di
90.5%
tr
90.4%
ec
90.2%
ol
90.2%
be
89.9%
ay
89.8%
rk
89.8%
em
89.6%
gu
89.5%
sw
89.4%
vi
89.4%
no
89.2%
ab
89.2%
ro
89.2%
of
88.8%
Combo Check? % Correct
we
88.7%
gd
88.5%
nt
88.2%
ub
88.2%
ap
88.2%
nc
88.1%
ak
88.1%
le
87.4%
eg
87.2%
ug
87%
va
86.9%
ya
86.8%
sa
86.7%
br
86.7%
go
86.7%
gy
86.7%
ep
86.6%
ib
86.6%
ny
86.4%
et
86.4%
os
86.3%
za
86.2%
ss
86.2%
he
86%
yp
86%
gh
85.9%
fi
85.8%
po
85.8%
hu
85.8%
ji
85.7%
ag
85.4%
rw
85.4%
ex
85.3%
xi
85.3%
rm
85%
pu
84.9%
gr
84.6%
nm
84.2%
mi
83.7%
as
83.6%
to
83.6%
ke
83.4%
ew
83.4%
rl
83%
ve
82.8%
rt
82.7%
ud
82.5%
bl
82.4%
ko
82.3%
lg
82.1%
ie
81.8%
lu
81.5%
aq
81.3%
ey
81.4%
ov
81.1%
lo
81%
rb
80.8%
wi
80.7%
fg
80.5%
oc
80.1%
cu
79.7%
ij
79.4%
ue
79.2%
sp
78.8%
cr
78.6%
yr
78.4%
ka
78.3%
sr
78.3%
pi
78.1%
ds
77.8%
pe
77.3%
iv
76.5%
pt
76.4%
ly
76.4%
gi
75.8%
nl
75.4%
cz
75.3%
sl
75.3%
bu
75.1%
im
74.9%
su
74.9%
se
74.8%
ci
74.5%
ui
74.4%
dj
74.3%
ot
74.3%
ux
74.2%
xe
74.2%
ao
74.2%
ee
74%
qa
73.8%
qu
72.6%
Combo Check? % Correct
cc
72.4%
ho
72.3%
ip
72.1%
bw
72%
oa
71.5%
ei
71.5%
hs
71.4%
kh
71.4%
ek
71.1%
uz
71.1%
zb
71.1%
ig
70.5%
iu
70.5%
pr
70.3%
ah
70.3%
vo
70%
ye
69.4%
tz
69.4%
rr
69.4%
tv
69.1%
ac
68.9%
kr
68.2%
uk
68.2%
ae
68.2%
rd
68.1%
ts
67.8%
ez
67.1%
zu
67.1%
ky
67.1%
yz
67.1%
zs
67.1%
ph
66.7%
pp
66.7%
cy
65.3%
my
65.2%
sh
64.9%
eo
64.5%
aj
64.4%
ik
64.4%
bh
64.3%
tn
63.9%
ry
63.4%
jo
63%
ll
62.5%
ht
62.3%
ns
62.3%
um
61.9%
km
61.9%
ty
61.8%
sy
61.6%
lb
61.2%
by
61.1%
ku
61%
uw
61%
uy
60.6%
iq
59.9%
oz
59.9%
uv
59.9%
sc
59.5%
ld
59.5%
eq
58.3%
du
58.1%
iz
57.4%
nz
57.3%
rz
56.7%
sn
56.7%
ys
55.4%
ev
55.1%
tt
55.1%
aw
55%
io
54.9%
op
54.9%
hr
54.6%
ul
53.8%
oo
53.1%
nk
53%
yc
53%
od
52.3%
eb
52.2%
lt
51.8%
gl
51.6%
oi
51.6%
og
51.5%
nu
48.2%
iw
47.2%
lv
47.1%
id
47%
ob
47%
rs
44.7%
uc
43.4%
fa
42.4%

You're not logged in!

Compare scores with friends on all Sporcle quizzes.
OR
Log In

You Might Also Like...

Show Comments

Extras

Top Quizzes Today


Score Distribution

Your Account Isn't Verified!

In order to create a playlist on Sporcle, you need to verify the email address you used during registration. Go to your Sporcle Settings to finish the process.

Report this User

Report this user for behavior that violates our Community Guidelines.

Details: